Návrh metodiky a informačného systému správy majetku : Diplomová práca

Enregistré dans:
Détails bibliographiques
Auteur principal: Marušinec, Peter (Auteur)
Autres auteurs: Ončák, Peter, 1938- (xxx)
Format: Manuscrit Livre
Langue:slovaque
Publié: Trnava : STU v Bratislave MtF KPIM, 2004
Sujets:
Tags: Ajouter un tag
Pas de tags, Soyez le premier à ajouter un tag!

MARC

LEADER 00000ntm a22000003a 4500
001 stu89419
005 20160719154603.4
008 040730s2004----xo------------------slo-d
040 |a STU  |b slo 
041 0 |a slo 
044 |a xo 
100 1 |a Marušinec, Peter  |4 aut 
245 1 |a Návrh metodiky a informačného systému správy majetku :  |b Diplomová práca 
260 |a Trnava :  |b STU v Bratislave MtF KPIM,  |c 2004 
300 |a 84 s  |c príl (CD) 
650 7 |a priemyselné inžinierstvo a manažment  |2 stusub 
700 1 |a Ončák, Peter,  |d 1938-  |4 xxx  |u M190  |U MTF Materiálovotechnologická fakulta  |T MTF Katedra priemyselného inžinierstva a manažmentu  |X 1508  |U M190  |Y 167  |7 A000001508 
996 |b 284M060071  |c M*DP-5291  |l MMSKP  |s P  |a 0  |w stu89419_0001